Iñigo : una obra de teatro /
La edición incluye, además de la obra de teatro inspirada en la vida de San Ignacio, indicaciones del autor sobre la puesta en escena. La obra fue estrenada en Londres, el 3 de febrero de 2015.
Guardat en:
| Autor principal: | |
|---|---|
| Format: | Llibre |
| Idioma: | espanyol |
| Publicat: |
Bilbao, España :
Mensajero,
2016, c2016
|
| Col·lecció: | (Lectores sin Fronteras)
(Baúl ; 1) |
| Matèries: | |
| Etiquetes: |
Sense etiquetes, Sigues el primer a etiquetar aquest registre!
|
MARC
| LEADER | 00000nam^a2200000^a^4500 | ||
|---|---|---|---|
| 001 | 000389687 | ||
| 005 | 20250521000000.0 | ||
| 008 | 170203 20162016 | ||
| 009 | 20260310121127.58 | ||
| 020 | |a 978-84-271-3905-3 | ||
| 037 | |a Acervo ITESO - Biblioteca | ||
| 041 | |a ESP | ||
| 082 | |a 822. |b MOO | ||
| 100 | |a Moore, Jonathan |e (autor) | ||
| 245 | 1 | 0 | |a Iñigo : |b una obra de teatro / |c J. Moore ; tr. por Federico Villalobos. |
| 264 | 4 | |a Bilbao, España : |b Mensajero, |c 2016, c2016 | |
| 300 | |a 126 p. | ||
| 336 | |a texto |b txt |2 rdacontenido | ||
| 337 | |a sin mediación |b n |2 rdamedio | ||
| 338 | |a volumen |b nc |2 rdasoporte | ||
| 440 | 1 | |a (Lectores sin Fronteras) | |
| 440 | 1 | |a (Baúl ; |v 1) | |
| 500 | |a Traducción de: Inigo | ||
| 520 | |a La edición incluye, además de la obra de teatro inspirada en la vida de San Ignacio, indicaciones del autor sobre la puesta en escena. La obra fue estrenada en Londres, el 3 de febrero de 2015. | ||
| 649 | |a XX | ||
| 650 | |a Jesuitas en la Literatura - |x Tema Principal | ||
| 650 | |a Jesuitas Españoles - |x Biografías | ||
| 650 | |a Jesuitas - |x Biografías | ||
| 650 | |a Jesuitas - |x Historia - |y 1540-1556 - |x Tema Principal | ||
| 650 | |a Jesuitas - |x Historia - |y Siglo XVI | ||
| 650 | |a Religiosos Españoles - |x Biografías | ||
| 650 | |a Santos Españoles - |x Biografías | ||
| 650 | |a Militares Españoles - |x Biografías | ||
| 650 | |a Monasticismo y Ordenes Religiosas - |x Historia - |y Siglo XVI | ||
| 650 | |a Iglesia y Problemas Sociales - |x Historia | ||
| 650 | |a Iglesia Católica - |x Historia - |y Papa, 1534-1549 (Paulo III) | ||
| 650 | |a Iglesia Católica - |x Historia - |y Siglo XVI | ||
| 650 | |a Teatro Histórico | ||
| 650 | |a Teatro Inglés | ||
| 650 | |a Religión y Literatura | ||
| 650 | |a Literatura e Historia | ||
| 650 | |a Literatura Inglesa - |y Siglo XXI | ||
| 650 | |a Artes Escénicas - |z Inglaterra | ||
| 650 | |a Catolicismo - |x Historia - |y Siglo XVI | ||
| 650 | |a Cristianismo - |x Historia - |y Siglo XVI | ||
| 650 | |a Religión - |x Historia - |y Siglo XVI | ||
| 650 | |a España en la Literatura | ||
| 650 | |a España - |x Historia - |y Carlos I, 1516-1556 | ||
| 650 | |a España - |x Historia - |y Siglo XVI | ||
| 650 | |a España - |x Historia - |y Casa de Austria, 1516-1700 | ||
| 650 | |a Ignacio de Loyola, Santo - |x Tema Principal | ||
| 910 | |a Fondo General | ||
| 920 | |a Impresos - Libros | ||
| 930 | |a Colección General | ||
| 940 | |a Jesuitas | ||
| 940 | |a Literatura | ||
| 905 | |a 101 | ||
| 901 | |a 0500284392 |b IT1 |c LIT |i C153644 |u 20250521 | ||
| 902 | |a https://opac.biblio.iteso.mx/vufind/Record/000389687 | ||